[One Piece] Vrai nom des amiraux en images - Statistiques

Statistiques générales
  • Ce quiz a été pris 105 fois
    87 depuis la dernière actualisation
  • Le résultat moyen est 4 sur 5
Statistiques - réponses
Par images Réponse % Correct
Kuzan
97%
Borsalino
94%
Sakazuki
85%
Isshō
79%
Aramaki
69%
Aucun quiz correspondant
Distribution des résultats
% des personnes avec chaque résultat
Percentile par nombre de réponses
Votre historique - résultats
Vous n’avez pas pris ce quiz depuis la dernière actualisation